000 00989nam a22003017a 4500
003 CHAP
005 20220329143846.0
008 120229s2001 us r 00010 eng d
010 _a102873
011 _a103845
020 _a0071181849
035 _a114534
040 _cCHAP
082 0 4 _a628.5
_bR51y
100 1 _aRittmann, Bruce E.
_997539
245 1 0 _aEnvironmental biotechnology :
_bprinciples and applications
_c/por Bruce E. Rittmann y Perry L. McCarty
260 _aNew York, E.U.A. :
_bMcGraw - Hill,
_c2001
300 _axiv, 754 p. :
_bilus.
590 _aBATCH-UPD
_b10
_c20130110
_lUCH01
_h1957
590 _aBATCH-UPD
_b10
_c20130410
_lUCH01
_h0524
590 _aBATCH-UPD
_b10
_c20130914
_lUCH01
_h0641
590 _aCONVERSION
_b10
_c20130109
_lUCH01
_h1357
650 0 4 _aBiotecnología.
_912878
700 1 _aMcCarty, Perry L.
_973377
901 _aBK
942 _cLIBRO
949 _a628.5 R51y
_bBC
_cLIBRO
_d33724002321595
_eLIBRO
_gI.259848
_h116335
_i114534
_sb
_t2,337.67
999 _c102873
_d102873